000
00264nam a22001097a 4500
008
240305b |||||||| |||| 00| 0 eng d
100
_a
Jagarnath, Bagli
_9
9029
245
_a
Advitabha Anidya
260
_b
Mithila vidhyapati:
_c
1962.
300
_a
243p.
942
_c
BK
999
_c
38948
_d
38948